[Event "Mumbai Mayors Cup 1st"]
[Site "Mumbai"]
[Date "2008.05.14"]
[Round "5"]
[White "Das, Sayantan"]
[Black "Priyanka, Ved"]
[Result "1-0"]
[WhiteElo "2055"]
[BlackElo "1794"]
[PlyCount "33"]
[EventDate "2008.05.11"]
[EventType "swiss"]
[EventRounds "11"]
[EventCountry "IND"]
[SourceTitle "CBM 124 Extra"]
[Source "ChessBase"]
[SourceDate "2008.07.03"]
[SourceVersion "1"]
[SourceVersionDate "2008.07.03"]
[SourceQuality "1"]

1. e4 d6 2. d4 Nf6 3. Nc3 g6 4. Be2 Bg7 5. g4 0-0 6. g5 Ne8 7. h4 c6 8. h5 Qb6 9. hxg6 fxg6 10. Bc4+ Kh8 11. Nge2 Bg4 12. Qd3 Nd7 13. Be3 Bxe2 14. Nxe2 Qxb2 15. Bc1 Qb6 16. Rxh7+ Kxh7 17. Qh3+ 1-0